[Event "Nabereznye Chelny op 8th"]
[Site "Nabereznye Chelny"]
[Date "2010.01.25"]
[Round "7"]
[White "Sergeev, Grigory"]
[Black "Skiba, Pavel"]
[Result "1-0"]
[WhiteElo "1798"]
[BlackElo "1000"]
[PlyCount "64"]
[EventDate "2010.01.19"]
[EventType "swiss"]
[EventRounds "9"]
[EventCountry "RUS"]
[SourceTitle "CBM 134 Extra"]
[Source "ChessBase"]
[SourceDate "2010.03.03"]
[SourceVersion "1"]
[SourceVersionDate "2010.03.03"]
[SourceQuality "1"]

1. e4 e5 2. Nf3 Nc6 3. Bb5 d6 4. d4 f6 5. d5 a6 6. Bxc6+ bxc6 7. dxc6 Ne7 8. 0-0 Nxc6 9. Nc3 Bg4 10. Be3 Be7 11. a3 Qc8 12. Nd5 0-0 13. h3 Bh5 14. Nc3 Qd7 15. g4 Bg6 16. Nh4 Be8 17. Nf5 g6 18. Qd5+ Bf7 19. Nh6+ Kg7 20. Nxf7 Rxf7 21. Na4 Rff8 22. Nc5 Qc8 23. Ne6+ Kg8 24. Nxf8+ Kxf8 25. Qxc6 f5 26. Bh6+ Kg8 27. exf5 gxf5 28. Qg2 Kh8 29. g5 Qg8 30. h4 Qg6 31. Qxa8+ Qg8 32. Qxg8+ Kxg8 1-0